00499nam a2200133Ia 4500008004100000024006000041082002100101100008400122245005600206260002600262600002700288650003300315999001700348260210s9999 xx 000 0 und d a12B-130-EL, 12B-138-EL, 12B-149-EL & 12B-164-EL a621.47078072 MUH aMuhammad Daniyal Younus, Syed Usama Akhter, Faizan Erum Butt & Misbah Abrar 0aSolar Energy System with Data Saving and Monitoring aKarachi:bUITU,c2012 aElectrical Engineering aBachelor of Engineering (BE) c33167d33167